| 000 | 00448nam a22001697a 4500 | ||
|---|---|---|---|
| 003 | BD-ChCU | ||
| 005 | 20251202134054.0 | ||
| 008 | 251202b bg ||||| |||| 00| 0 ben d | ||
| 040 | _cBD-ChCU | ||
| 082 | _a574.1 STM | ||
| 100 |
_aStacy, Ralph W. and Santolucito, John A. _917346 |
||
| 245 | _aModern College Physiology.// | ||
| 260 |
_aSaint Louis. _bMosby _c1966 |
||
| 300 | _axii, 428p | ||
| 650 | 0 |
_aPhysiology. _917347 |
|
| 942 |
_2ddc _cBK _n0 |
||
| 999 |
_c110061 _d110061 |
||